| 000 | 00000nam##2200000za#4500 |
| 001 | 9.601677 |
| 003 | CaOODSP |
| 005 | 20210624210203 |
| 007 | cr ||||||||||| |
| 008 | 150406|2002||||xxc|||||o f|0| 0 fre|d |
| 040 | |aCaOODSP|bfre |
| 043 | |an-cn--- |
| 086 | 1 |aYC17-0/372-8F-PDF |
| 110 | 1 |aCanada. |bParlement. |bSénat. |bComité sénatorial permanent des affaires sociales, des sciences et de la technologie. |
| 245 | 13|aLa santé des Canadiens, le rôle du gouvernement fédéral. Volume Six, : |h[ressource électronique]|bRecommandations en vue d'une réforme / |cL'honorable Michael J.L. Kirby, président ; l'honorable Marjory LeBreton, vice-présidente. |
| 246 | 3 |aRapport final sur l'état du système de soins de santé au Canada |
| 260 | |aOttawa - Ontario : |bSénat. |cOctobre 2002. |
| 300 | |a418p.|bfigures, graphiques, références, tableaux |
| 490 | 1 |aRapport du Comité sénatorial permanent des Affaires sociales, des sciences et de la technologie|v37e législature, 2e session, [8e rapport] |
| 590 | |a11-12-Supp|b2011-07-29 |
| 775 | 08|tThe health of Canadians, the federal role. Volume six, : |w(CaOODSP)9.571034 |
| 830 | #0|aRapport du Comité sénatorial permanent des affaires sociales, des sciences et de la technologie ;|v37e législature, 2e session, [8e rapport]|w(CaOODSP)9.501656 |
| 856 | 40|ahttp://publications.gc.ca|qPDF|s1.29 Mo|uhttps://publications.gc.ca/collections/collection_2011/sen/yc17-0/YC17-0-372-8-fra.pdf|y37e législature, 2e session, [8e rapport] |